South Eastern Kenya University

Library Online Public Access Catalogue


Intermediate microeconomics : (Record no. 8838)

MARC details
000 -LEADER
fixed length control field 00641cam a2200229 a 4500
001 - CONTROL NUMBER
control field 4206388
003 - CONTROL NUMBER IDENTIFIER
control field OSt
005 - DATE AND TIME OF LATEST TRANSACTION
control field 20150911150637.0
008 - FIXED-LENGTH DATA ELEMENTS--GENERAL INFORMATION
fixed length control field 810901s1982 ilua b 001 0 eng
010 ## - LIBRARY OF CONGRESS CONTROL NUMBER
LC control number 81014453
020 ## - INTERNATIONAL STANDARD BOOK NUMBER
International Standard Book Number 0673152774 :
Terms of availability $19.95
040 ## - CATALOGING SOURCE
Original cataloging agency SEKU
050 00 - LIBRARY OF CONGRESS CALL NUMBER
Classification number HB 172
Item number .K68
082 00 - DEWEY DECIMAL CLASSIFICATION NUMBER
Classification number 338.5
Edition number 19
100 1# - MAIN ENTRY--PERSONAL NAME
Personal name Kohler, Heinz,
Dates associated with a name 1934-
245 10 - TITLE STATEMENT
Title Intermediate microeconomics :
Remainder of title theory and applications
Statement of responsibility, etc. Heinz Kohler.
260 ## - PUBLICATION, DISTRIBUTION, ETC. (IMPRINT)
Place of publication, distribution, etc. Glenview, Ill. :
Name of publisher, distributor, etc. Scott, Foresman,
Date of publication, distribution, etc. c1982.
300 ## - PHYSICAL DESCRIPTION
Extent xii, 628 p. :
Other physical details ill. ;
Dimensions 24 cm.
504 ## - BIBLIOGRAPHY, ETC. NOTE
Bibliography, etc Includes bibliographies
650 #0 - SUBJECT ADDED ENTRY--TOPICAL TERM
Topical term or geographic name as entry element Microeconomics.
942 ## - ADDED ENTRY ELEMENTS (KOHA)
Source of classification or shelving scheme Library of Congress Classification
Koha item type General circulation
Holdings
Withdrawn status Lost status Source of classification or shelving scheme Damaged status Not for loan Home library Current library Shelving location Date acquired Source of acquisition Total Checkouts Full call number Barcode Date last seen Price effective from Koha item type
    Library of Congress Classification     Mtito Andei Centre Library Mtito Andei Centre Library General Stacks 11/09/2015 Books for Africa   HB 172 .K68 2015/007823 11/09/2015 11/09/2015 General circulation
Kitui, Kenya.
+254736116989
library@seku.ac.ke